La mara como ejercicio de contrapoder /

Uloženo v:
Podrobná bibliografie
Hlavní autor: Moreno Hernández, Hugo César
Médium: Text
Tagy: Přidat tag
Žádné tagy, Buďte první, kdo vytvoří štítek k tomuto záznamu!

MARC

LEADER 00000 a a2200000 04500
001 44340
003
040
100 |a Moreno Hernández, Hugo César  
245 |a La mara como ejercicio de contrapoder /  |c Hugo César Moreno Hernández  
773 |g volumen1, páginas 211-234  
999 |c 23679  |d 23679